000
00330nam a2200145Ia 4500
008
191201s2005 xx 000 0 und d
082
_a
330
_b
SAE
100
_a
Samullson, Paul A
245
0
_a
Economics
250
_a
18th
260
_a
N.Delhi
_b
Tata mc Graw Hill
_c
2005
300
_a
776
650
_a
B.Tech(ME)
942
_2
ddc
_c
BK
999
_c
837
_d
837